Wheels on the bus (The) / (Record no. 102714)
[ view plain ]
| 000 -LEADER | |
|---|---|
| fixed length control field | 00754nam a2200205 a 4500 |
| 005 - DATE AND TIME OF LATEST TRANSACTION | |
| control field | 20140412111241.0 |
| 008 - FIXED-LENGTH DATA ELEMENTS--GENERAL INFORMATION | |
| fixed length control field | 010425s19uu xx 00 eng d |
| 020 ## - INTERNATIONAL STANDARD BOOK NUMBER | |
| International Standard Book Number | 0-394-84870-5 |
| 050 ## - LIBRARY OF CONGRESS CALL NUMBER | |
| Classification number | TR(PS E |
| Item number | Wh56 1990 |
| 100 ## - MAIN ENTRY--PERSONAL NAME | |
| Personal name | Ziefert, Harriet |
| 245 ## - TITLE STATEMENT | |
| Title | Wheels on the bus (The) / |
| Statement of responsibility, etc | by Harriet Ziefert; illustrated by Andrea Baruffi. |
| 260 ## - PUBLICATION, DISTRIBUTION, ETC. (IMPRINT) | |
| Place of publication, distribution, etc | New York : |
| Name of publisher, distributor, etc | Random House, |
| Date of publication, distribution, etc | 1990. |
| 300 ## - PHYSICAL DESCRIPTION | |
| Extent | 1v. (unp.) ; ill. |
| 440 ## - SERIES STATEMENT/ADDED ENTRY--TITLE | |
| Title | Random House pictureback reader |
| 520 ## - SUMMARY, ETC. | |
| Summary, etc | The wheels on the bus go round, the wipers go swish, the doors open and cloes, and the people go in an out in this rollicking version of the classic song. |
| 650 ## - SUBJECT ADDED ENTRY--TOPICAL TERM | |
| Topical term or geographic name as entry element | Children's songs-Texts |
| 650 ## - SUBJECT ADDED ENTRY--TOPICAL TERM | |
| Topical term or geographic name as entry element | Buses-Songs and music |
| 650 ## - SUBJECT ADDED ENTRY--TOPICAL TERM | |
| Topical term or geographic name as entry element | Songs |
| Withdrawn status | Lost status | Damaged status | Home library | Current library | Shelving location | Date acquired | Source of acquisition | Total Checkouts | Full call number | Barcode | Date last seen | Price effective from | Koha item type |
|---|---|---|---|---|---|---|---|---|---|---|---|---|---|
| Elizalde Library | Elizalde Library | Teachers Reference Section | 04/25/2001 | TR(PS E Wh56 1990 | E2579 | 04/12/2014 | 04/12/2014 | Books |